Statistics for Dumblelorius but Ivor Johnny Grindelwald the quiz

Click here to take the quiz!

General Stats

  • This quiz has been taken 6 times
  • The average score is 11 of 22

Answer Stats

HintAnswer% Correct
HoochRolanda
100%
How old is Donkey Kong Jr?40
50%
Name one member of the Boyle family, (Other than Charles.)Andrea/Becca/Bernard/Bill/Bobby/Brendan/Christina/Cory/Don/Lyndon/Lynn/ Milton/Pappy/Sam/Sherman/Steve/Tommy/Pam
50%
What did Snape create out of Lily's ashes?A tree
50%
Who needs to go home?Buddy
50%
What is Ford's weapon of choice? (At least when he was young.)Crossbow
50%
"Nope."Dusty/John Cena
50%
Currently melted into waxGengar
50%
Who wears glassesGeorge Costanza/Ford
50%
What is the coolest part of the song titled, "Smash and Grab" from The CroodsGrug joins the chase
50%
Who loves Lily?James Potter
50%
Who's skin is as pale as the moonJohnny Grindelwald
50%
"Sunshine daises, butter-?Mellow
50%
What is best about the 1880's decade quiz?Mitchell
50%
What is Ivor's occupation during season two of Minecraft Story Mode?Ninja
50%
What rotts Steve Rogers to the coreReactors
50%
The Evil QueenRegina/The Evil Queen
50%
Who is the handsome hero, of the dearie, dearieRumple
50%
Who owns exactly One Multiplujillion, nine obsquatumatillion, six hundred and twenty- three dollars and sixty-two centsScrooge McDuck
50%
What is the best couple name? (according to the greasy)Snilly
50%
Who runs Total Drama Dank CaveVampire Chris
50%
What happens to Kevin during Hogwarts 99?He was hit by a subway train and was maimed
0%

Score Distribution

Percentile by Number Answered

Percent of People with Each Score

Your Score History

You have not taken this quiz